000 00665nam a2200217 i 4500
001 115044
003 ES-MaACL
005 20250707062559.0
007 t|
008 070220q1911 sp ||||1| spa d
080 _a821.134.2-32"19"
100 1 _aRamírez Angel, Emiliano.
_995120
245 1 3 _aLa primavera y la política /
_cEmiliano Ramírez Angel ; ilustraciones de Anca.
260 _aMadrid :
_bEl Cuento Semanal,
_c1911.
300 _a20 p. :
_bil. ;
_c26 cm.
490 1 _aEl cuento semanal ;
_v236
700 0 _aAnca
_c, ilustrador.
_921391
830 0 3 _aEl cuento semanal
_v236
_9185957
852 _aES-MaACL
_jG-4448(1)
999 _c115044
_d115044